[Event "Olimpiada de Khanty-Mansiysk 2010"]
[Site "Khanty-Mansiysk RUS"]
[Date "2010.10.01"]
[Round "10"]
[White "Long, Peter"]
[Black "Jones, Iolo C"]
[Result "0-1"]
[WhiteElo "2302"]
[BlackElo "2294"]
[PlyCount "88"]
[EventDate "2010.09.21"]
[EventType "team"]
[EventRounds "11"]
[EventCountry "RUS"]
[Source "lmi"]
[SourceDate "2010.09.21"]
[WhiteTeam "Malasia"]
[BlackTeam "Gales"]
[WhiteTeamCountry "MAS"]
[BlackTeamCountry "WLS"]

1. Nf3 Nf6 2. c4 d6 3. Nc3 e5 4. g3 Be7 5. Bg2 O-O 6. O-O Nbd7 7. d3 c6 8. a3
a6 9. b4 Rb8 10. Bd2 b5 11. Qb3 bxc4 12. Qxc4 Nb6 13. Qb3 Be6 14. Qc2 h6 15.
Rfc1 Nfd7 16. Na4 d5 17. Nxb6 Rxb6 18. Rab1 Qb8 19. d4 e4 20. Bf4 Qa7 21. Nd2
a5 22. bxa5 Rxb1 23. Rxb1 c5 24. dxc5 Bxc5 25. Nb3 Bxf2+ 26. Kh1 Nf6 27. Qd2
Ng4 28. h3 Be3 29. Bxe3 Nxe3 30. Qd4 Ra8 31. Nc5 Nf5 32. Qb4 Nxg3+ 33. Kh2 Nf5
34. a6 Bc8 35. Qb6 Bxa6 36. Qc6 Rc8 37. Qxa6 Qc7+ 38. Kh1 Qxc5 39. a4 Rc6 40.
Qa8+ Kh7 41. a5 Nh4 42. a6 Qf2 43. Rg1 Rc1 44. Bxe4+ dxe4 0-1

[Event "Olimpiada de Khanty-Mansiysk 2010"]
[Site "Khanty-Mansiysk RUS"]
[Date "2010.10.01"]
[Round "10"]
[White "Young, Alan"]
[Black "Lau, Gregory"]
[Result "1-0"]
[WhiteElo "2009"]
[BlackElo "2159"]
[PlyCount "71"]
[EventDate "2010.09.21"]
[EventType "team"]
[EventRounds "11"]
[EventCountry "RUS"]
[Source "lmi"]
[SourceDate "2010.09.21"]
[WhiteTeam "Gales"]
[BlackTeam "Malasia"]
[WhiteTeamCountry "WLS"]
[BlackTeamCountry "MAS"]

1. e4 e6 2. d4 d5 3. Nc3 Nf6 4. Bg5 Be7 5. e5 Nfd7 6. h4 a6 7. Qg4 Kf8 8. Nf3
c5 9. dxc5 Nc6 10. Qf4 Nxc5 11. Rh3 b5 12. Nd4 Nxd4 13. Qxd4 Nd7 14. O-O-O
Bxg5+ 15. hxg5 Qxg5+ 16. f4 Qe7 17. f5 Bb7 18. Rf3 Rc8 19. a3 exf5 20. Rxf5 Qe6
21. Qf4 h6 22. Bd3 g6 23. Qb4+ Kg7 24. Rff1 Nxe5 25. Qd4 Rc7 26. Rde1 f6 27.
Qf4 Re7 28. Kb1 h5 29. Qg3 Rh6 30. Qf2 Qd6 31. Qd4 Rh8 32. Ne4 Nc6 33. Nxd6
Rxe1+ 34. Rxe1 Nxd4 35. Re7+ Kh6 36. Nf7+ 1-0

[Event "Olimpiada de Khanty-Mansiysk 2010"]
[Site "Khanty-Mansiysk RUS"]
[Date "2010.10.01"]
[Round "10"]
[White "Kawuma, Steven Male"]
[Black "Weerawardane, R."]
[Result "0-1"]
[WhiteElo "2203"]
[BlackElo "2165"]
[PlyCount "136"]
[EventDate "2010.09.21"]
[EventType "team"]
[EventRounds "11"]
[EventCountry "RUS"]
[Source "lmi"]
[SourceDate "2010.09.21"]
[WhiteTeam "Uganda"]
[BlackTeam "Sri Lanka"]
[WhiteTeamCountry "UGA"]
[BlackTeamCountry "SRI"]

1. e4 g6 2. d4 d6 3. Nc3 Bg7 4. Be3 c6 5. Qd2 b5 6. f3 Nd7 7. a4 b4 8. Nd1 a5
9. Nf2 Ba6 10. Bxa6 Rxa6 11. g4 c5 12. Ne2 cxd4 13. Nxd4 Ngf6 14. h4 Ne5 15.
Qe2 Qc8 16. h5 O-O 17. hxg6 fxg6 18. Nd3 Nc4 19. Bf2 Nxb2 20. Nxb2 Qc3+ 21. Kf1
Qxb2 22. Kg2 Raa8 23. Qc4+ Kh8 24. Rab1 Qc3 25. Qxc3 bxc3 26. Ne6 Rfb8 27. Bd4
Ne8 28. Nxg7 Nxg7 29. Bxc3 Rc8 30. Rb3 Kg8 31. Kf2 Ne6 32. Rc1 Nc5 33. Ra3 Nxa4
34. Be1 Nc5 35. Ke3 a4 36. Bb4 Nd7 37. Rca1 Nb6 38. Rc3 Rxc3+ 39. Bxc3 e5 40.
Rb1 Ra6 41. Kd3 a3 42. g5 a2 43. Ra1 Ra3 44. Kd2 Nd7 45. Bb4 Ra6 46. Kc3 Nf8
47. Kb2 Ne6 48. Bd2 Nd4 49. f4 exf4 50. Bxf4 Kf7 51. c3 Ne2 52. Bd2 Ke6 53.
Rxa2 Rxa2+ 54. Kxa2 Ng3 55. Kb3 Ke5 56. Kc4 Nxe4 57. Bc1 d5+ 58. Kd3 Nc5+ 59.
Ke3 Kf5 60. Ba3 Ne6 61. Be7 Nxg5 62. Kd4 Ne4 63. Bb4 h5 64. Kxd5 h4 65. Ba5 h3
66. Bc7 Nxc3+ 67. Kc4 Ne2 68. Bh2 Ke4 0-1

[Event "Olimpiada de Khanty-Mansiysk 2010"]
[Site "Khanty-Mansiysk RUS"]
[Date "2010.10.01"]
[Round "10"]
[White "Peiris, T S S."]
[Black "Bibasa, Bob"]
[Result "1/2-1/2"]
[WhiteElo "2002"]
[BlackElo "2189"]
[PlyCount "162"]
[EventDate "2010.09.21"]
[EventType "team"]
[EventRounds "11"]
[EventCountry "RUS"]
[Source "lmi"]
[SourceDate "2010.09.21"]
[WhiteTeam "Sri Lanka"]
[BlackTeam "Uganda"]
[WhiteTeamCountry "SRI"]
[BlackTeamCountry "UGA"]

1. e4 Nc6 2. d4 d5 3. e5 Bf5 4. c3 e6 5. Bd3 Nge7 6. Ne2 Bxd3 7. Qxd3 Nf5 8. g3
h5 9. Nd2 a6 10. a4 g5 11. h3 f6 12. exf6 Qxf6 13. Nf3 Bh6 14. h4 gxh4 15. Bxh6
Rxh6 16. Nxh4 Nxh4 17. Rxh4 O-O-O 18. f4 Ne7 19. Qf3 Nf5 20. Rh3 Nd6 21. O-O-O
Rdh8 22. Rdh1 Qg6 23. b3 Ne4 24. Kb2 Qf5 25. Qe3 Rg8 26. Rh4 Rg4 27. Rxg4 Qxg4
28. Rh4 Qg6 29. g4 Rh7 30. g5 b5 31. a5 Rh8 32. Ka3 Qg7 33. Ng3 Qe7+ 34. b4 Nd6
35. Qd3 Nc4+ 36. Kb3 Qf7 37. g6 Qf6 38. Rxh5 Rg8 39. f5 Kb8 40. Ka2 exf5 41.
Qxf5 Qxg6 42. Qxg6 Rxg6 43. Nf5 Rg2+ 44. Kb1 Re2 45. Rh3 Kb7 46. Kc1 Kc6 47.
Rh6+ Kb7 48. Rh3 Re6 49. Rh6 Re1+ 50. Kc2 Re2+ 51. Kc1 Rf2 52. Ne7 Ne3 53. Rc6
Rf1+ 54. Kd2 Nc4+ 55. Ke2 Rc1 56. Rc5 Rc2+ 57. Ke1 Ne3 58. Nc6 Ng2+ 59. Kd1
Ne3+ 60. Ke1 Ng2+ 61. Kd1 Rf2 62. Ne7 Rf1+ 63. Kd2 Rf2+ 64. Kd1 Rf1+ 65. Kc2
Rf2+ 66. Kd1 Rf1+ 67. Kd2 Rf2+ 68. Kd1 Ne3+ 69. Ke1 Rc2 70. Nc6 Kc8 71. Ne7+
Kb8 72. Nc6+ Kb7 73. Nd8+ Kc8 74. Ne6 Ng2+ 75. Kd1 Ne3+ 76. Ke1 Ng2+ 77. Kf1
Ne3+ 78. Ke1 Ng2+ 79. Kf1 Ne3+ 80. Ke1 Ng2+ 81. Kf1 Ne3+ 1/2-1/2

[Event "Olimpiada de Khanty-Mansiysk 2010"]
[Site "Khanty-Mansiysk RUS"]
[Date "2010.10.01"]
[Round "10"]
[White "Munoz, Lisandro"]
[Black "Luther, Thomas"]
[Result "1/2-1/2"]
[WhiteElo "2391"]
[BlackElo "2545"]
[PlyCount "109"]
[EventDate "2010.09.21"]
[EventType "team"]
[EventRounds "11"]
[EventCountry "RUS"]
[Source "lmi"]
[SourceDate "2010.09.21"]
[WhiteTeam "República Dominicana"]
[BlackTeam "IPC"]
[WhiteTeamCountry "DOM"]

1. e4 e6 2. d4 d5 3. Nd2 c5 4. Ngf3 cxd4 5. Nxd4 Nc6 6. Bb5 Bd7 7. Nxc6 bxc6 8.
Bd3 Bd6 9. O-O Ne7 10. c4 O-O 11. Qh5 g6 12. Qh6 Be5 13. Nf3 Bg7 14. Qh4 dxe4
15. Bxe4 Nf5 16. Qxd8 Rfxd8 17. Bg5 f6 18. Bxf5 fxg5 19. Bh3 Bxb2 20. Rad1 Bf6
21. Rxd7 Rxd7 22. Bxe6+ Rf7 23. Rb1 g4 24. Rb7 Raf8 25. Nd2 Kg7 26. Bxf7 Rxf7
27. Rxf7+ Kxf7 28. Kf1 Ke6 29. Ne4 Bd4 30. Ke2 Ke5 31. Ng5 Bc5 32. Kd3 Bxf2 33.
Nxh7 Kf5 34. Nf8 Bg1 35. h3 gxh3 36. gxh3 g5 37. a4 a5 38. Nd7 Ke6 39. Nf8+ Kf5
40. Nd7 Ke6 41. Nf8+ Ke5 42. Nd7+ Kf4 43. Nb8 Kg3 44. Nxc6 Bb6 45. Ke4 Kxh3 46.
Ne5 g4 47. Nxg4 Kxg4 48. Kd5 Kf4 49. Kc6 Bd8 50. Kd7 Ke4 51. Kxd8 Kd4 52. Kd7
Kxc4 53. Kd6 Kb4 54. Kd5 Kxa4 55. Ke4 1/2-1/2

[Event "Olimpiada de Khanty-Mansiysk 2010"]
[Site "Khanty-Mansiysk RUS"]
[Date "2010.10.01"]
[Round "10"]
[White "Obodchuk, Andrei"]
[Black "Fernandez, Francis"]
[Result "1-0"]
[WhiteElo "2395"]
[BlackElo "2313"]
[PlyCount "57"]
[EventDate "2010.09.21"]
[EventType "team"]
[EventRounds "11"]
[EventCountry "RUS"]
[Source "lmi"]
[SourceDate "2010.09.21"]
[WhiteTeam "IPC"]
[BlackTeam "República Dominicana"]
[BlackTeamCountry "DOM"]

1. d4 Nf6 2. c4 a6 3. Nc3 c5 4. dxc5 Qa5 5. e4 Qxc5 6. Be3 Qa5 7. Bd3 g6 8. Qa4
Qd8 9. h3 Nc6 10. Nf3 d6 11. e5 dxe5 12. Nxe5 Bd7 13. Nxd7 Nxd7 14. Be4 Qc8 15.
Rd1 Bg7 16. O-O O-O 17. Nd5 Re8 18. Rd2 Nce5 19. Qb4 Bf8 20. Nc3 Nc6 21. Qa4 e6
22. Bxc6 bxc6 23. Ne4 Rd8 24. Rfd1 Be7 25. Qa5 Nf8 26. Rxd8 Bxd8 27. Qe5 f5 28.
Bd4 Qd7 29. Nd6 1-0

[Event "Olimpiada de Khanty-Mansiysk 2010"]
[Site "Khanty-Mansiysk RUS"]
[Date "2010.10.01"]
[Round "10"]
[White "Vodyasov, Evgeny"]
[Black "Flaquer, Luis"]
[Result "1-0"]
[WhiteElo "2217"]
[BlackElo "2274"]
[PlyCount "101"]
[EventDate "2010.09.21"]
[EventType "team"]
[EventRounds "11"]
[EventCountry "RUS"]
[Source "lmi"]
[SourceDate "2010.09.21"]
[WhiteTeam "IPC"]
[BlackTeam "República Dominicana"]
[BlackTeamCountry "DOM"]

1. d4 Nf6 2. Nf3 g6 3. c3 Bg7 4. Bg5 O-O 5. Nbd2 d6 6. e4 e5 7. Bc4 exd4 8.
Nxd4 h6 9. Bxf6 Qxf6 10. O-O Nd7 11. Qc2 Ne5 12. Be2 Bd7 13. Nc4 Rfe8 14. Ne3
Qd8 15. f4 Nc6 16. Nxc6 bxc6 17. Rae1 a5 18. Bc4 Qe7 19. f5 g5 20. f6 Bxf6 21.
e5 Qxe5 22. Qg6+ Bg7 23. Rxf7 d5 24. Nc2 Re6 25. Rxg7+ Qxg7 26. Rxe6 Bxe6 27.
Qxe6+ Qf7 28. Qxc6 Rd8 29. Bd3 Rf8 30. Qg6+ Qxg6 31. Bxg6 Rf6 32. Bd3 Kf7 33.
Ne3 Ke6 34. Ng4 Rf8 35. Nxh6 c5 36. b3 a4 37. Ng4 Rb8 38. Bc2 a3 39. Ne3 Rf8
40. Bd3 Ke5 41. h3 c4 42. bxc4 d4 43. Ng4+ Kd6 44. cxd4 Rf4 45. Ne3 Rf8 46. Nc2
Ke6 47. Be4 Rb8 48. Bd5+ Kf5 49. Nxa3 Rb2 50. c5 Kf4 51. Kh2 1-0

[Event "Olimpiada de Khanty-Mansiysk 2010"]
[Site "Khanty-Mansiysk RUS"]
[Date "2010.10.01"]
[Round "10"]
[White "Elliott, Warren"]
[Black "Harper, Ryan"]
[Result "1/2-1/2"]
[WhiteElo "2254"]
[BlackElo "2233"]
[PlyCount "52"]
[EventDate "2010.09.21"]
[EventType "team"]
[EventRounds "11"]
[EventCountry "RUS"]
[Source "lmi"]
[SourceDate "2010.09.21"]
[WhiteTeam "Jamaica"]
[BlackTeam "Trinidad y Tobago"]
[WhiteTeamCountry "JAM"]
[BlackTeamCountry "TRI"]

1. e4 c5 2. Nf3 d6 3. d4 cxd4 4. Nxd4 Nf6 5. Nc3 Nc6 6. Bc4 Qb6 7. Nb3 e6 8.
Be3 Qc7 9. Bd3 a6 10. f4 b5 11. Qf3 Bb7 12. a3 h5 13. h3 Be7 14. Qf2 Rc8 15.
O-O Qb8 16. Rae1 b4 17. axb4 Nxb4 18. Na5 Nxd3 19. cxd3 Ba8 20. Nc4 Nxe4 21.
Nxe4 Bxe4 22. Ba7 Qc7 23. Bb6 Qb8 24. Ba7 Qc7 25. Bb6 Qb8 26. Ba7 Qc7 1/2-1/2

[Event "Olimpiada de Khanty-Mansiysk 2010"]
[Site "Khanty-Mansiysk RUS"]
[Date "2010.10.01"]
[Round "10"]
[White "Joseph, Marcus"]
[Black "Pitterson, Jomo"]
[Result "0-1"]
[WhiteElo "2146"]
[BlackElo "2242"]
[PlyCount "84"]
[EventDate "2010.09.21"]
[EventType "team"]
[EventRounds "11"]
[EventCountry "RUS"]
[Source "lmi"]
[SourceDate "2010.09.21"]
[WhiteTeam "Trinidad y Tobago"]
[BlackTeam "Jamaica"]
[WhiteTeamCountry "TRI"]
[BlackTeamCountry "JAM"]

1. e4 e6 2. d4 d5 3. Nc3 Bb4 4. e5 c5 5. a3 Bxc3+ 6. bxc3 Nc6 7. Qg4 g6 8. h4
h6 9. Bd2 c4 10. Be2 Bd7 11. Nh3 Nce7 12. a4 Qa5 13. O-O O-O-O 14. Nf4 Kb8 15.
Rfb1 Ka8 16. Qf3 Nf5 17. g3 Bc6 18. Bc1 g5 19. Nh5 g4 20. Qxg4 Qxc3 21. Bb2
Qxc2 22. a5 c3 23. Ba3 Qe4 24. Bc5 Nge7 25. Nf6 Qc2 26. Qf3 h5 27. Rc1 Qd2 28.
Rd1 Qh6 29. Qxc3 Rc8 30. Qb4 Nxg3 31. fxg3 Qe3+ 32. Kf1 Nf5 33. Qd2 Nxg3+ 34.
Kg2 Qxe2+ 35. Kxg3 Rhg8+ 36. Kf4 Rg4+ 37. Nxg4 Qe4+ 38. Kg3 Qxg4+ 39. Kf2 Qxh4+
40. Kf3 Qh3+ 41. Kf4 Qg4+ 42. Ke3 Qg3+ 0-1

[Event "Olimpiada de Khanty-Mansiysk 2010"]
[Site "Khanty-Mansiysk RUS"]
[Date "2010.10.01"]
[Round "10"]
[White "Singh, Ravishen"]
[Black "Matthews, Shane"]
[Result "1-0"]
[WhiteElo "2089"]
[BlackElo "2227"]
[PlyCount "111"]
[EventDate "2010.09.21"]
[EventType "team"]
[EventRounds "11"]
[EventCountry "RUS"]
[Source "lmi"]
[SourceDate "2010.09.21"]
[WhiteTeam "Trinidad y Tobago"]
[BlackTeam "Jamaica"]
[WhiteTeamCountry "TRI"]
[BlackTeamCountry "JAM"]

1. e4 c5 2. Nf3 e6 3. d4 cxd4 4. Nxd4 a6 5. Nc3 Qc7 6. a3 Nf6 7. Bg5 b5 8. Qd2
Bb7 9. Bd3 b4 10. axb4 Bxb4 11. Bxf6 gxf6 12. O-O Nc6 13. Nde2 h5 14. h3 Bc5
15. Qf4 Qxf4 16. Nxf4 h4 17. Ra4 Ke7 18. Rfa1 Rhb8 19. Be2 Nd4 20. Bd1 Nb5 21.
Nce2 Nd6 22. Nd3 Bb6 23. Nc3 Bc6 24. Rxa6 Rxa6 25. Rxa6 Nxe4 26. Nxe4 Bxe4 27.
Ra4 f5 28. Kf1 Ra8 29. Rxa8 Bxa8 30. Ne1 Bd4 31. c3 Bf6 32. Bf3 d5 33. Be2 Kd6
34. f4 Bc6 35. Bd3 Kc5 36. Ke2 d4 37. b4+ Kb6 38. c4 Be7 39. c5+ Kb7 40. Kf2
Ba4 41. Nf3 Bf6 42. g3 hxg3+ 43. Kxg3 Be8 44. h4 Kc6 45. h5 Bg7 46. Ne5+ Kc7
47. b5 f6 48. b6+ Kb7 49. Nc4 Bf8 50. Na5+ Kb8 51. c6 Bxc6 52. Nxc6+ Kb7 53.
Nd8+ Kxb6 54. Nxe6 Bh6 55. Nxd4 Kc5 56. Nxf5 1-0

[Event "Olimpiada de Khanty-Mansiysk 2010"]
[Site "Khanty-Mansiysk RUS"]
[Date "2010.10.01"]
[Round "10"]
[White "Matoewi, Roger"]
[Black "Sorensen, Torben"]
[Result "1/2-1/2"]
[WhiteElo "2151"]
[BlackElo "2418"]
[PlyCount "79"]
[EventDate "2010.09.21"]
[EventType "team"]
[EventRounds "11"]
[EventCountry "RUS"]
[Source "lmi"]
[SourceDate "2010.09.21"]
[WhiteTeam "Surinam"]
[BlackTeam "Malta"]
[WhiteTeamCountry "SUR"]
[BlackTeamCountry "MLT"]

1. e4 c5 2. c4 Nc6 3. Nc3 g6 4. g3 Bg7 5. Bg2 d6 6. Nge2 a6 7. O-O Rb8 8. a4
Nf6 9. d3 O-O 10. h3 Ne8 11. Be3 Nc7 12. d4 cxd4 13. Nxd4 Ne6 14. Nce2 Bd7 15.
Kh2 Qa5 16. b3 Rfc8 17. Rb1 b5 18. axb5 Ncxd4 19. Nxd4 Nxd4 20. Bxd4 axb5 21.
Bxg7 Kxg7 22. Qd4+ Kg8 23. b4 Qc7 24. cxb5 Qb6 25. Qxb6 Rxb6 26. Rfc1 Rxc1 27.
Rxc1 Bxb5 28. Rc2 f5 29. exf5 gxf5 30. f4 Kf7 31. Bd5+ e6 32. Bf3 Ke7 33. g4
Bd3 34. Rc7+ Kf6 35. g5+ Kg6 36. h4 h5 37. Rc6 Rxb4 38. Rxd6 Bc4 39. Rd4 Rb2+
40. Kg3 1/2-1/2

[Event "Olimpiada de Khanty-Mansiysk 2010"]
[Site "Khanty-Mansiysk RUS"]
[Date "2010.10.01"]
[Round "10"]
[White "Pace, Colin"]
[Black "Gajadin, Dewperkash"]
[Result "1-0"]
[WhiteElo "2161"]
[BlackElo "2179"]
[PlyCount "63"]
[EventDate "2010.09.21"]
[EventType "team"]
[EventRounds "11"]
[EventCountry "RUS"]
[Source "lmi"]
[SourceDate "2010.09.21"]
[WhiteTeam "Malta"]
[BlackTeam "Surinam"]
[WhiteTeamCountry "MLT"]
[BlackTeamCountry "SUR"]

1. e4 e5 2. Nf3 Nf6 3. Nxe5 d6 4. Nf3 Nxe4 5. Nc3 Nxc3 6. dxc3 Be7 7. Be3 Nc6
8. Qd2 Be6 9. O-O-O Bf6 10. Be2 a6 11. Ng5 Bf5 12. g4 Bg6 13. h4 h5 14. Rde1
Qd7 15. gxh5 Bf5 16. Bc4 O-O-O 17. Nxf7 Ne5 18. Nxe5 Bxe5 19. Bg5 Rdf8 20. f4
Bf6 21. Be2 Bg4 22. Qd1 Bf5 23. Bf3 Qa4 24. Kb1 Re8 25. b3 Qa3 26. Bxf6 gxf6
27. Bxb7+ Kb8 28. Bc6 Reg8 29. Be4 Be6 30. Bf3 Bf7 31. Re7 Rf8 32. Rxf7 1-0

[Event "Olimpiada de Khanty-Mansiysk 2010"]
[Site "Khanty-Mansiysk RUS"]
[Date "2010.10.01"]
[Round "10"]
[White "Mungroo, Franklin"]
[Black "Gauci, Joseph"]
[Result "0-1"]
[WhiteElo "2156"]
[BlackElo "2099"]
[PlyCount "92"]
[EventDate "2010.09.21"]
[EventType "team"]
[EventRounds "11"]
[EventCountry "RUS"]
[Source "lmi"]
[SourceDate "2010.09.21"]
[WhiteTeam "Surinam"]
[BlackTeam "Malta"]
[WhiteTeamCountry "SUR"]
[BlackTeamCountry "MLT"]

1. e4 c5 2. d4 cxd4 3. c3 Nf6 4. e5 Nd5 5. cxd4 e6 6. Nc3 Nxc3 7. bxc3 d6 8.
Nf3 Nc6 9. Bf4 dxe5 10. Nxe5 Nxe5 11. Bxe5 Qa5 12. Qb3 Bd7 13. Be2 Ba4 14. Qb2
Bc6 15. O-O Be7 16. c4 f6 17. Bf4 O-O 18. Rad1 Rad8 19. Be3 Kh8 20. f4 f5 21.
Bf3 Bxf3 22. Rxf3 Rd7 23. Bf2 Bf6 24. Qb3 Rfd8 25. Rfd3 Bxd4 26. Bxd4 Rxd4 27.
h3 Rxd3 28. Rxd3 Rxd3 29. Qxd3 h6 30. Qd7 Qc5+ 31. Kh1 Qxc4 32. Qxb7 Qf1+ 33.
Kh2 Qxf4+ 34. Kh1 Qe3 35. a4 Kh7 36. Qd7 Qe1+ 37. Kh2 Qe5+ 38. Kh1 a5 39. Kg1
Qd5 40. Qf7 Qd1+ 41. Kh2 Qxa4 42. Qxe6 Qe4 43. Qd6 a4 44. Qc5 f4 45. h4 f3 46.
gxf3 Qxh4+ 0-1

[Event "Olimpiada de Khanty-Mansiysk 2010"]
[Site "Khanty-Mansiysk RUS"]
[Date "2010.10.01"]
[Round "10"]
[White "Vella, Duncan"]
[Black "Veer, Willem"]
[Result "1-0"]
[WhiteElo "2041"]
[BlackElo "1957"]
[PlyCount "81"]
[EventDate "2010.09.21"]
[EventType "team"]
[EventRounds "11"]
[EventCountry "RUS"]
[Source "lmi"]
[SourceDate "2010.09.21"]
[WhiteTeam "Malta"]
[BlackTeam "Surinam"]
[WhiteTeamCountry "MLT"]
[BlackTeamCountry "SUR"]

1. e4 e6 2. d4 d5 3. Nd2 dxe4 4. Nxe4 Bd7 5. Bd3 Bc6 6. Nf3 Nd7 7. Qe2 Be7 8.
O-O Ngf6 9. Ng3 Bxf3 10. Qxf3 c6 11. Re1 O-O 12. c3 a5 13. Nf1 a4 14. a3 Re8
15. Bf4 Nf8 16. Nd2 Ng6 17. Bg3 Bd6 18. Nc4 Bc7 19. Rad1 Qd7 20. Ne5 Qc8 21. h4
Ra5 22. h5 Nxe5 23. dxe5 Nd7 24. Bxh7+ Kxh7 25. Qd3+ Kg8 26. Qxd7 Rd5 27. Rxd5
exd5 28. Qxc8 Rxc8 29. e6 Bxg3 30. exf7+ Kxf7 31. fxg3 Kf6 32. Kf2 Rf8 33. g4
Rf7 34. Kg3 Rd7 35. Kf4 d4 36. g5+ Kf7 37. cxd4 Rxd4+ 38. Re4 Rd2 39. Rxa4 Rf2+
40. Kg3 Rxb2 41. Rb4 1-0

[Event "Olimpiada de Khanty-Mansiysk 2010"]
[Site "Khanty-Mansiysk RUS"]
[Date "2010.10.01"]
[Round "10"]
[White "Ranaivoharisoa, Alain"]
[Black "Baules, Jorge"]
[Result "0-1"]
[WhiteElo "2153"]
[BlackElo "2335"]
[PlyCount "78"]
[EventDate "2010.09.21"]
[EventType "team"]
[EventRounds "11"]
[EventCountry "RUS"]
[Source "lmi"]
[SourceDate "2010.09.21"]
[WhiteTeam "Madagascar"]
[BlackTeam "Panamá"]
[WhiteTeamCountry "MAD"]
[BlackTeamCountry "PAN"]

1. e4 c5 2. Nf3 d6 3. d4 cxd4 4. Nxd4 Nf6 5. Nc3 g6 6. Be2 Bg7 7. Be3 Nc6 8.
O-O O-O 9. h3 Nxd4 10. Bxd4 Be6 11. f4 Qa5 12. a3 Rfc8 13. Re1 Bc4 14. Bf3 e5
15. Bf2 Rd8 16. fxe5 dxe5 17. Qc1 Rac8 18. Qe3 Rd4 19. Red1 Rcd8 20. Qe1 Rxd1
21. Rxd1 Rxd1 22. Qxd1 Bf8 23. Kh2 Kg7 24. Qd2 Be7 25. Be3 h5 26. Nb1 Qa6 27.
b3 Be6 28. c4 b5 29. cxb5 Qxb5 30. b4 Qf1 31. Nc3 Bxh3 32. Kxh3 Qh1+ 33. Kg3
Ng4 34. Bxg4 Bh4+ 35. Kf3 Qf1+ 36. Bf2 hxg4+ 37. Kxg4 Bxf2 38. g3 Be1 39. Qc2
Qh1 0-1

[Event "Olimpiada de Khanty-Mansiysk 2010"]
[Site "Khanty-Mansiysk RUS"]
[Date "2010.10.01"]
[Round "10"]
[White "Efimov, Igor"]
[Black "Colindres, Daniel"]
[Result "1/2-1/2"]
[WhiteElo "2433"]
[BlackElo "2233"]
[PlyCount "134"]
[EventDate "2010.09.21"]
[EventType "team"]
[EventRounds "11"]
[EventCountry "RUS"]
[Source "lmi"]
[SourceDate "2010.09.21"]
[WhiteTeam "Mónaco"]
[BlackTeam "Honduras"]
[WhiteTeamCountry "MNC"]
[BlackTeamCountry "HON"]

1. d4 Nf6 2. c4 g6 3. Nc3 Bg7 4. e4 d6 5. f3 O-O 6. Bg5 c5 7. d5 e6 8. Nge2
exd5 9. cxd5 a6 10. Rc1 b5 11. Qd2 b4 12. Nd1 h6 13. Be3 Nbd7 14. Ng3 Kh7 15.
Be2 a5 16. O-O Ba6 17. Bf4 Bxe2 18. Qxe2 Ne8 19. Kh1 a4 20. Be3 h5 21. Qd2 Qe7
22. Nf2 a3 23. b3 Bc3 24. Qd1 Rc8 25. Ne2 Bb2 26. Rc2 Nef6 27. Bg5 Kg7 28. Nd3
Be5 29. Qc1 Rh8 30. Nxb4 Bb2 31. Qd2 cxb4 32. Rc6 Ne5 33. Rxc8 Rxc8 34. Qxb4
Rc2 35. Qb5 Qd7 36. Qa6 Qc7 37. h3 Rc5 38. f4 Ra5 39. Bxf6+ Kh7 40. Qxa5 Qxa5
41. fxe5 Qd2 42. Ng1 Qd3 43. Rf2 Qxe4 44. e6 fxe6 45. dxe6 Bxf6 46. Rxf6 Kg7
47. Rf7+ Kg8 48. Ra7 Qxe6 49. Rxa3 Qe1 50. Ra4 Kf7 51. Kh2 Qe5+ 52. Kh1 Qe1 53.
Kh2 Qe5+ 54. Kh1 g5 55. Nf3 Qg3 56. Re4 Kf6 57. Kg1 d5 58. Re2 g4 59. hxg4 hxg4
60. Nd2 Qd3 61. Rf2+ Ke5 62. Nf1 g3 63. Rf3 Qd4+ 64. Ne3 Qa1+ 65. Nf1 Qd4+ 66.
Ne3 Qa1+ 67. Nf1 Qd4+ 1/2-1/2

[Event "Olimpiada de Khanty-Mansiysk 2010"]
[Site "Khanty-Mansiysk RUS"]
[Date "2010.10.01"]
[Round "10"]
[White "Huguet, Sergio"]
[Black "Van Hoolandt, Patrick"]
[Result "0-1"]
[WhiteElo "2142"]
[BlackElo "2151"]
[PlyCount "134"]
[EventDate "2010.09.21"]
[EventType "team"]
[EventRounds "11"]
[EventCountry "RUS"]
[Source "lmi"]
[SourceDate "2010.09.21"]
[WhiteTeam "Honduras"]
[BlackTeam "Mónaco"]
[WhiteTeamCountry "HON"]
[BlackTeamCountry "MNC"]

1. e4 e5 2. Nf3 Nc6 3. Bb5 Nf6 4. O-O Nxe4 5. d4 Nd6 6. Bxc6 dxc6 7. dxe5 Nf5
8. Qxd8+ Kxd8 9. Nc3 Bd7 10. h3 h6 11. b3 Kc8 12. Bb2 b6 13. Rad1 c5 14. Nd5
Be6 15. c4 g5 16. Rd2 Kb7 17. Rfd1 a5 18. a4 Ne7 19. Nh2 h5 20. Nf6 Nc6 21. Nf3
g4 22. Ng5 Bh6 23. h4 Bxg5 24. hxg5 Ne7 25. Nd5 Ng6 26. g3 h4 27. Nf4 hxg3 28.
fxg3 Nxf4 29. gxf4 Rh3 30. Rd3 Rah8 31. Bc3 Rh1+ 32. Kf2 Rxd1 33. Rxd1 Rh3 34.
Rc1 Rf3+ 35. Ke2 Rxf4 36. Rf1 Rxf1 37. Kxf1 Bf5 38. Kf2 Kc6 39. e6 Bxe6 40. Kg3
Kd6 41. Kf4 c6 42. Be5+ Kd7 43. Bc3 g3 44. Be1 g2 45. Bf2 Kd6 46. Bg1 b5 47.
axb5 cxb5 48. Kf3 bxc4 49. bxc4 a4 50. Bh2+ Kc6 51. Kxg2 Bxc4 52. Be5 Kd5 53.
Bb2 Ke4 54. Kf2 Bb5 55. Ke1 Kd3 56. Kd1 Bd7 57. Kc1 c4 58. Be5 c3 59. Bf4 a3
60. Kb1 Be6 61. Bc1 a2+ 62. Ka1 Kc2 63. Bf4 Kd1 64. Be5 c2 65. Bf4 Bf5 66. Kxa2
c1=Q 67. Bxc1 Kxc1 0-1

[Event "Olimpiada de Khanty-Mansiysk 2010"]
[Site "Khanty-Mansiysk RUS"]
[Date "2010.10.01"]
[Round "10"]
[White "Klerides, Paris"]
[Black "Shobaita, Ahmed"]
[Result "1-0"]
[WhiteElo "2194"]
[BlackElo "2072"]
[PlyCount "91"]
[EventDate "2010.09.21"]
[EventType "team"]
[EventRounds "11"]
[EventCountry "RUS"]
[Source "lmi"]
[SourceDate "2010.09.21"]
[WhiteTeam "Chipre"]
[BlackTeam "Palestina"]
[WhiteTeamCountry "CYP"]
[BlackTeamCountry "PLE"]

1. e4 c5 2. Nf3 d6 3. d4 cxd4 4. Nxd4 Nf6 5. Nc3 a6 6. Bg5 e6 7. f4 Be7 8. Qf3
Nbd7 9. Bc4 h6 10. Bxf6 Nxf6 11. O-O-O Qc7 12. Bb3 Bd7 13. Rhe1 O-O-O 14. e5
Ne8 15. Kb1 g6 16. Ne4 d5 17. Nf2 Kb8 18. Nd3 h5 19. g3 b5 20. h3 a5 21. a3 Qb6
22. c3 Nc7 23. Ba2 b4 24. axb4 axb4 25. Nxb4 Bxb4 26. cxb4 Nb5 27. Nb3 Bc6 28.
Rc1 Rc8 29. Qd3 Ba8 30. Rc5 Rxc5 31. bxc5 Qa6 32. Nd4 Bc6 33. Re3 Kc7 34. Nxb5+
Bxb5 35. Qa3 Rb8 36. Kc1 Qxa3 37. Rxa3 Rb7 38. Ra8 Bf1 39. h4 Bc4 40. Bxc4 dxc4
41. Kc2 Rb3 42. Ra3 Rb5 43. Kc3 Kc6 44. Kxc4 Rxc5+ 45. Kd4 Rc2 46. Rc3+ 1-0